• 首页
  • 本馆介绍
  • 公告通知
  • 最新文献
  • 馆藏检索
  • 电子资源
  • 读者导购
  • 参考咨询
  • 我的图书馆
  • 登录
  • 详细信息显示
  • 放入我的书架
  • 预约/预借图书
  • 作者相关作品
  • 分类相关作品
  • 丛书相关作品
  • 出版社相关作品

书目信息

  • 表格格式
  • 工作单格式
  • 卡片格式
题名:
线性代数
    
 
作者: 赵树嫄 主编
分册:  
出版信息: 北京   中国人民大学出版社  2013
页数: 210页
开本: 23cm
丛书名: 经济应用数学基础
单 册:
中图分类: F224.0 , O151.2
科图分类:
主题词: 经济数学--jing ji shu xue--高等学校--教材 , 线性代数--xian xing dai shu--高等学校--教材
电子资源:
ISBN: 978-7-300-16973-6
000 01073cam 2200313 45
001 012001000238
005 20191108081449.42
010    @a978-7-300-16973-6@dCNY26.00
099    @aCAL 012013046070
100    @a20130415d2013 em y0chiy50 ea
101 0  @achi
102    @aCN@b110000
105    @ak z 000yy
106    @ar
200 1  @a线性代数@Axian xing dai shu@f赵树嫄主编
205    @a第4版
210    @a北京@c中国人民大学出版社@d2013
215    @a210页@d23cm
225 2  @a经济应用数学基础@Ajing ji ying yong shu xue ji chu@h二
300    @a“十二五”普通高等教育本科国家级规划教材 高等学校文科教材
330    @a本书介绍了线性经济模型中有关的线性代数基本知识,内容包含行列式、矩阵、线性方程组、矩阵的特征值、二次型等线性代数的基本内容。
410  0 @12001 @h二
606 0  @a经济数学@Ajing ji shu xue@x高等学校@j教材
606 0  @a线性代数@Axian xing dai shu@x高等学校@j教材
690    @aF224.0@v4
690    @aO151.2@v4
701  0 @a赵树嫄@Azhao shu yuan@4主编
801  0 @aCN@b北京卓展文化@c20191020
905    @b1195745-8@dF224.0@e593=4@f4
    
    线性代数/赵树嫄主编.-第4版.-北京:中国人民大学出版社,2013
    210页;23cm.-(经济应用数学基础.二)
    “十二五”普通高等教育本科国家级规划教材 高等学校文科教材
    
    ISBN 978-7-300-16973-6:CNY26.00
    本书介绍了线性经济模型中有关的线性代数基本知识,内容包含行列式、矩阵、线性方程组、矩阵的特征值、二次型等线性代数的基本内容。
●
相关链接 在E读中查询图书 在五车中查询图书 在当当中查询图书 在豆瓣中查询图书


正题名:线性代数     索取号:F224.0/593=4         预约/预借

序号 登录号 条形码 馆藏地/架位号 状态 备注
1 1195745   211957453   第一样本阅览室/ [索取号:F224.0/593=4] 在馆    
2 1195746   211957462   第一借阅区/ [索取号:F224.0/593=4] 在馆    
3 1195747   211957471   第一借阅区/ [索取号:F224.0/593=4] 在馆    
4 1195748   211957480   第一借阅区/ [索取号:F224.0/593=4] 在馆    
唐山师范学院图书馆 欢迎您!
大连网信软件有限公司© 版权所有